000
00372cam a2200169ua 4500
020
_c
1.75
041
_a
mal
_h
082
_a
894.812809
_b
KUN/NI
100
_a
Kunhappa, Moorkoth .
245
_a
Niroopana niroopanam
260
_a
Calicut :
_b
P.K Brothers ,
_c
1959.
300
_a
136 ; .
365
_a
1.75
504
_a
942
_c
BK
999
_c
4328
_d
4328